Drivers of natural resource-based political conflict (Record no. 60190)
[ view plain ]
| 000 -LEADER | |
|---|---|
| fixed length control field | 01541pab a2200157 454500 |
| 008 - FIXED-LENGTH DATA ELEMENTS--GENERAL INFORMATION | |
| fixed length control field | 180718b2003 xxu||||| |||| 00| 0 eng d |
| 100 ## - MAIN ENTRY--PERSONAL NAME | |
| Personal name | Nie, Martin |
| 245 ## - TITLE STATEMENT | |
| Title | Drivers of natural resource-based political conflict |
| 260 ## - PUBLICATION, DISTRIBUTION, ETC. | |
| Date of publication, distribution, etc. | 2003 |
| 300 ## - PHYSICAL DESCRIPTION | |
| Extent | p.307-41. |
| 362 ## - DATES OF PUBLICATION AND/OR SEQUENTIAL DESIGNATION | |
| Dates of publication and/or sequential designation | Dec |
| 520 ## - SUMMARY, ETC. | |
| Summary, etc. | Why are some natural resource-based political conflicts so controversial, acrfimonious and intractable? What factors drive these conflicts? And what turns the common political conflict into the high-level, symbolic, and sustained political conflict? This paper conceptualizes the `drivers' of natural resource-based political conflict in the United States. It examines the dominant themes, patterns and underlying logic of these conflicts. The very nature and context of these cases sometimes promise intractability, but they are also often `wicked by design' in that political actors, institutions and policy processes often compound them. The following drivers of conflict are discussed: scarcity the policy surrogate, the sacred and spiritual and importance of place, policy design (historical and budgetary), policy frames, scientific disagreement and uncertainty, electoral politics and the use of wedge issues, political and interest group strategy, media framing, adversarial governance. Constitutional, statutory and administrative language, and district. The paper finishes by placing natural resource-based conflict in political perspective. - Reproduced. |
| 650 ## - SUBJECT ADDED ENTRY--TOPICAL TERM | |
| Topical term or geographic name entry element | Natural resources |
| 773 ## - HOST ITEM ENTRY | |
| Main entry heading | Policy Sciences |
| 909 ## - | |
| -- | 60190 |
| Withdrawn status | Lost status | Damaged status | Not for loan | Permanent Location | Current Location | Date acquired | Serial Enumeration / chronology | Barcode | Date last seen | Price effective from | Koha item type |
|---|---|---|---|---|---|---|---|---|---|---|---|
| Indian Institute of Public Administration | Indian Institute of Public Administration | 2018-07-19 | Volume no: 36, Issue no: 3-4 | AR60636 | 2018-07-19 | 2018-07-19 | Articles |
